01371nam a2200349Ia 4500001001200000003000800012006001900020007001500039008004100054010001700095020001500112020002800127040002100155035002100176050002600197082001900223245009800242250001200340260004300352300001700395490004600412504005100458533015200509650007400661650002400735655002900759700002600788710001700814830004700831856012600878999001701004ebr10150382CaPaEBRm u cr cn|||||||||060502s2006 nyu sb 001 0 eng d z 2006044814 z1403983534 z1403968489 (alk. paper) aCaPaEBRcCaPaEBR a(OCoLC)56796496014aPR275.L66bW75 2006eb04a820.9/354322200aWritings on love in the English Middle Agesh[electronic resource] /cedited by Helen Cooney. a1st ed. aNew York :bPalgrave Macmillan,c2006. axiii, 204 p.1 aStudies in Arthurian and courtly cultures aIncludes bibliographical references and index. aElectronic reproduction.bPalo Alto, Calif. :cebrary,d2009.nAvailable via World Wide Web.nAccess may be limited to ebrary affiliated libraries. 0aEnglish literatureyMiddle English, 1100-1500xHistory and criticism. 0aLove in literature. 7aElectronic books.2local1 aCooney, Helen,d1962-2 aebrary, Inc. 0aStudies in Arthurian and courtly cultures.40uhttp://site.ebrary.com/lib/rucke/Doc?id=10150382zAn electronic book accessible through the World Wide Web; click to view c94580d94580